Transferts Été 2025 - Click quiz - Statistiques

Statistiques générales
  • Ce quiz a été pris 187 fois
  • Le résultat moyen est 26 sur 40
Statistiques - réponses
Hint Réponse % Correct
Viktor Gyökeres Arsenal
92%
Paul Pogba AS Monaco
92%
Olivier Giroud LOSC Lille
92%
Rayan Cherki Manchester City
91%
Bryan Mbeumo Manchester United
91%
Marcus Rashford FC Barcelone
90%
Florian Wirtz FC Liverpool
90%
Kevin De Bruyne Naples SSC
90%
Théo Hernandez Al-Hilal
86%
Jonathan Tah Bayern Munich
84%
Rodrigo De Paul Inter Miami
84%
Valentin Rongier Stade Rennais
84%
João Pedro Chelsea
82%
Leroy Sané Galatasaray
81%
Alexandre Lacazette Neom SC
77%
Ángel Di María Rosario Central
75%
Mohammed Kudus Tottenham
74%
Thiago Almada Atlético de Madrid
70%
Álvaro Carreras Real Madrid
66%
Anthony Elanga Newcastle United
65%
Kyle Walker Burnley
63%
Lucas Perri Leeds United
58%
Thierno Barry Everton
55%
Mateo Retegui Al-Qadsiah
54%
Rémy Cabella Olympiakós
51%
Neil El Aynaoui AS Rome
50%
Jordan Veretout Al-Arabi
49%
Emerson Royal Flamengo
49%
Kieran Tierney Celtic Glasgow
48%
Habib Diarra Sunderland
48%
Malik Tillman Bayer Leverkusen
47%
Leandro Paredes Boca Juniors
47%
Johan Bakayoko RB Leipzig
46%
Gaëtan Perrin Krasnodar
42%
Marko Arnautović Étoile rouge de Belgrade
40%
Olivier Boscagli Brighton
38%
Edin Džeko Fiorentina
38%
Jonathan Burkardt Eintracht Francfort
35%
Martin Baturina Como 1907
32%
Kiliann Sildillia PSV Eindhoven
26%
Aucun quiz correspondant
Distribution des résultats
% des personnes avec chaque résultat
Percentile par nombre de réponses
Votre historique - résultats
Vous n’avez pas pris ce quiz